ARRUPE JESUIT UNIVERSITY

CORONAVIRUS -STOP THE SPREAD - CLEAN,DISINFECT,COVER

Revolutionary ideas : (Record no. 120559)

MARC details
000 -LEADER
fixed length control field 01198cam a22003018i 4500
001 - CONTROL NUMBER
control field 17743393
003 - CONTROL NUMBER IDENTIFIER
control field ARRUPE
005 - DATE AND TIME OF LATEST TRANSACTION
control field 20140520170354.0
008 - FIXED-LENGTH DATA ELEMENTS--GENERAL INFORMATION
fixed length control field 130517s2014 nju b 001 0 eng
010 ## - LIBRARY OF CONGRESS CONTROL NUMBER
LC control number 2013018208
020 ## - INTERNATIONAL STANDARD BOOK NUMBER
International Standard Book Number 9780691151724 (hardcover : alk. paper)
040 ## - CATALOGING SOURCE
Original cataloging agency DLC
Language of cataloging eng
Transcribing agency DLC
Description conventions rda
042 ## - AUTHENTICATION CODE
Authentication code pcc
043 ## - GEOGRAPHIC AREA CODE
Geographic area code e-fr---
050 00 - LIBRARY OF CONGRESS CALL NUMBER
Classification number DC147.8
Item number .I87 2014
300 ## - PHYSICAL DESCRIPTION
Dimensions 24cm.
100 1# - MAIN ENTRY--PERSONAL NAME
Personal name Israel, Jonathan.
9 (RLIN) 10429
245 10 - TITLE STATEMENT
Title Revolutionary ideas :
Remainder of title an intellectual history of the French Revolution from the Rights of Man to Robespierre /
Statement of responsibility, etc Jonathan Israel.
260 ## - PUBLICATION, DISTRIBUTION, ETC. (IMPRINT)
Place of publication, distribution, etc Princeton
Name of publisher, distributor, etc Princeton University Press
Date of publication, distribution, etc 2014
300 ## - PHYSICAL DESCRIPTION
Extent vii, 870p.
504 ## - BIBLIOGRAPHY, ETC. NOTE
Bibliography, etc Includes bibliographical references and index.
650 #0 - SUBJECT ADDED ENTRY--TOPICAL TERM
Topical term or geographic name as entry element Revolutionaries
Geographic subdivision France
General subdivision History
Chronological subdivision 18th century.
9 (RLIN) 10430
651 #0 - SUBJECT ADDED ENTRY--GEOGRAPHIC NAME
Geographic name France
General subdivision History
Chronological subdivision Revolution, 1789-1799
General subdivision Causes.
9 (RLIN) 10431
651 #0 - SUBJECT ADDED ENTRY--GEOGRAPHIC NAME
Geographic name France
General subdivision History
Chronological subdivision Revolution, 1789-1799
General subdivision Historiography.
9 (RLIN) 10432
651 #0 - SUBJECT ADDED ENTRY--GEOGRAPHIC NAME
Geographic name France
General subdivision Intellectual life
Chronological subdivision 18th century.
9 (RLIN) 10433
906 ## - LOCAL DATA ELEMENT F, LDF (RLIN)
a 0
b vip
c orignew
d 1
e ecip
f 20
g y-gencatlg
942 ## - ADDED ENTRY ELEMENTS (KOHA)
Source of classification or shelving scheme Library of Congress Classification
Koha item type Monograph ( Printed materials)
Holdings
Withdrawn status Lost status Source of classification or shelving scheme Damaged status Not for loan Home library Current library Shelving location Date acquired Total Checkouts Full call number Barcode Date last seen Date checked out Price effective from Koha item type
    Library of Congress Classification     ARRUPE LIBRARY ARRUPE LIBRARY Main Collection 20/05/2014 2 DC147.8 .I87 2014 46500000739 05/02/2018 22/01/2018 20/05/2014 Monograph ( Printed materials)

 

Arrupe Library. PO Box MP320 Mt Pleasant, Harare, Zimbabwe
263 242 745411|librarian@aju.ac.zw